Musique - Standards de la chanson française - Statistiques

Statistiques générales
  • Ce quiz a été pris 553 fois
  • Le résultat moyen est 13 sur 18
Statistiques - réponses
Chanson Chanteur (Nom) % Correct
For me... Formidable Aznavour
96%
Emmenez-moi Aznavour
96%
La Bohème Aznavour
96%
Le "ça ira" Piaf
93%
La foule Piaf
93%
La vie en rose Piaf
93%
Les lacs du Connemara Sardou
85%
On va s'aimer Montagné
81%
Elle a les yeux revolver Lavoine
80%
Comme d'habitude François
74%
Les Champs-Elysées Dassin
72%
Le pénitencier Hallyday
66%
Je suis malade Lama
61%
Santiano Aufray
55%
Les corons Bachelet
52%
Les Démons de Minuit Images
47%
Armstrong Nougaro
44%
Douce France Trenet
44%
Aucun quiz correspondant
Distribution des résultats
% des personnes avec chaque résultat
Percentile par nombre de réponses
Votre historique - résultats
Vous n’avez pas pris ce quiz